Missing Word: 20th Century Europe A-Z Quiz Stats

 Plays Quiz Updated Sep 23, 2015

Challenge
Share
Tweet
Embed
Score 0/26 Timer 04:00
2 Plays Today
Hint Answer % Correct
____ Elizabeth IIQueen
82.2%
____ Thatcher - politicianMargaret
82.1%
Salvador ____ - painterDalí
81%
Albert ____ - physicistEinstein
80.7%
____ Stalin - politicianJoseph
80.5%
____ CurtainIron
80.2%
Soviet ____ - 1922-1991Union
80.2%
Archduke Franz ____ of AustriaFerdinand
76.7%
Treaty of ____ - 1919Versailles
73.7%
____ Pact - formed 1955Warsaw
71.6%
Checkpoint ____Charlie
69.6%
____ Trials - 1945-46Nuremberg
67.1%
____ Civil War - 1936-39Spanish
64.8%
Hint Answer % Correct
Leon ____ - revolutionaryTrotsky
63.4%
____ Conference - 1945Yalta
59%
____ Wałęsa - politicianLech
58.6%
____ Revolution - 1956Hungarian
48%
Velvet ____ - 1989Revolution
45.9%
Gustav ____ - painterKlimt
37.8%
____ Barbarossa - 1941Operation
37.6%
____ Hall Putsch - 1923Beer
36.7%
____ Spring - 1968Prague
36.7%
The ____ Archipelago - published 1973Gulag
34.8%
Pope Saint John ____XXIII
33.9%
____ Dubček - politicianAlexander
27.7%
Georgy ____ - generalZhukov
24.2%

Today's Daily Dose

You're not logged in!

Compare scores with friends on all Sporcle quizzes.
Join for Free
OR
Log In

You Might Also Like...

Show Comments

Extras

Top Quizzes Today


Score Distribution

Your Account Isn't Verified!

In order to create a playlist on Sporcle, you need to verify the email address you used during registration. Go to your Sporcle Settings to finish the process.

Report this User

Report this user for behavior that violates our Community Guidelines.

Details: